Expanding reading skills : Advanced = Mở rộng kỹ năng đọc hiểu /

Wedi'i Gadw mewn:
Manylion Llyfryddiaeth
Prif Awdur: Markstein, Linda
Awduron Eraill: Hirasawa, Louise
Fformat: Sách giấy
Iaith:Vietnamese
Cyhoeddwyd: TP.HCM : Trẻ , 1995
Tagiau: Ychwanegu Tag
Dim Tagiau, Byddwch y cyntaf i dagio'r cofnod hwn!
Thư viện lưu trữ: Thư viện Trường Đại học Đà Lạt
LEADER 00668nam a2200265 4500
001 DLU020012039
005 ##5/22/2000
020 # # |a 978- 
041 # # |a vie 
082 # # |a 428.6  |b MA-L 
090 # # |a 428.6  |b MA-L 
100 # # |a Markstein, Linda 
245 # # |a Expanding reading skills : Advanced =  |b Mở rộng kỹ năng đọc hiểu /  |c Markstein Linda, Hirasawa Louise 
260 # # |a TP.HCM :  |b Trẻ ,  |c 1995 
300 # # |a 250 tr.;   |c 20.5 cm. 
700 # # |a Hirasawa, Louise 
992 # # |a 19000 
994 # # |a DLU 
900 # # |a False 
911 # # |a Administrator 
925 # # |a G 
926 # # |a A 
927 # # |a SH 
980 # # |a Thư viện Trường Đại học Đà Lạt